000 00768nas a2200253 4500
001 BR2014004681
003 BR-BrBNA
005 20231205124318.0
007 ta
008 230509b bl.|||p| |||| 00| 00por d
040 _aBR-BrBNA
_bpor
_cBiblioteca Nacional de Agricultura
041 _a(Pt)
072 _aF50
100 1 _aArruda, E.C.P. de
100 1 _aAlves, M.
100 1 _aPinna, G.F.M. de
245 1 _aElementos traqueais de cinco táxons de Cactaceae da caatinga pernambucana, Brasil
650 _aCACTO
650 _aANATOMIA VEGETAL
650 _aCAATINGA
773 0 _tActa Botanica Brasilica (Brazil)
_xISSN 0102-3306
_g(Oct-Dec 2004), v. 18(4) p. 731-736
_wBR2014004681
909 _a202311
_bLúcia
_c55
_dLúcia Elande
942 _2AGRIS
_n0
_cANA
999 _c238420
_d238420